000 00377nam a2200121Ia 4500
008 200626s9999 xx 000 0 und d
020 _a0-13-101115-4
100 _aBurns, Alvin C.
245 _cAlvin C. Burns, Ronald F. Bush.--
_aInstructor's manual:
_bMarketing research:/
250 _a4th ed.
260 _aNew Jersey:
_bPrentice Hall, Inc.
_c2003
300 _axiii, 355 pages
999 _c363878
_d363878